Ordnen Sie den erfolgreichsten Verein der Stadt zu (deutsche Ausgabe) - Statistiken

Allgemein
  • Dieses Quiz wurde 82 mal gespielt
  • Das Durchschnittsergebnis liegt bei 8 aus 10
Antwortstatistiken
Miasto Klub % Korrekt
Munchen Bayern Munchen
96%
Dortmund Borussia Dortmund
93%
Stuttgart VFB Stuttgart
91%
Frankfurt Eintracht Frankfurt
89%
Dusseldorf Fortuna Dusseldorf
88%
Hamburg Hamburger SV
88%
Hanower Hannover 96
84%
Leipzig RB Leipzig
84%
Koln FC Koln
79%
Brema Werder Brema
54%
Keine übereinstimmenden Quizze gefunden
Verteilung der Resultate
Anzahl Personen mit jedem Resultat
Perzentil nach korrekt beantworteten Fragen
Ihre Resultats-Entwicklung
Sie haben dieses Quiz noch nicht gespielt